| 000 | 01304cam a22004098a 4500 | ||
|---|---|---|---|
| 001 | 832169 | ||
| 003 | OSt | ||
| 005 | 20180116183024.0 | ||
| 008 | 900503s1990 wau bc 001 0 eng | ||
| 010 | _a 89070103 | ||
| 020 |
_a0941104435 : _c$18.95 |
||
| 035 | _a(OCoLC)20798583 | ||
| 035 | _a(OCoLC)ocm20798583 | ||
| 035 | _a(CStRLIN)NYCG90-B29098 | ||
| 035 | _a(NNC)832169 | ||
| 040 |
_aDLC _cDLC _dDLC _dNhD |
||
| 043 |
_an-us--- _aa-vt--- |
||
| 050 | 0 | 0 |
_aN6512 _b.L57 1990 |
| 082 | 0 | 0 |
_a813.54 THO 1997 _220 |
| 090 |
_aN6512 _b.L57 1990 |
||
| 100 | 1 | _aGraig Thomas | |
| 245 | 1 | 2 |
_aA Different War : _cGraig Thomas |
| 260 |
_aBellingham, Wash. : _bWhatcom Museum of History and Art ; _aSeattle : _bReal Comet Press, _c1990. |
||
| 263 | _a9004 | ||
| 300 |
_a474 p. : _bill. ; _c29 cm. |
||
| 440 | _aA Different War | ||
| 500 | _aExhibition circulated by Independent Curators, Incorporated. | ||
| 504 | _aIncludes bibliographical references. | ||
| 600 | _aGraig Thomas | ||
| 650 | 0 |
_aVietnam War, 1961-1975 _xArt and the war _vExhibitions. |
|
| 650 | 0 |
_aArt, American _vExhibitions. |
|
| 650 | 0 |
_aArt, American _y20th century _vExhibitions. |
|
| 710 | 2 | _aWhatcom Museum of History and Art. | |
| 710 | 2 | _aIndependent Curators Incorporated. | |
| 942 |
_2ddc _cBK |
||
| 999 |
_c350693 _d350693 |
||